01526 a2200169 4500003000500000005001700005010001600022020001500038040000900053082001200062100002800074245005700102260005700159300003100216505109400247650001501341Nust20221011150718.0 a 71133993 a0800500024 cNust00a540,BIG1 aBigelow, Melvin Jerome,10aBasic concepts of chemistryc[by] M. Jerome Bigelow. aTarrytown-on-Hudson, N.Y.,bBogden & Quigleyc[1971] axv, 396 p.billus.c25 cm. aIntroduction-Matter And Its Measurement (Page-1), Introduction-Energy And Its Measurement (Page-16), Stoichiometry- Chemical Reactions (Page-28), Atomic Structure (Page-48), Arrangement Of Electrons In The Atom (Page-63), The Periodic Table (Page-78), The Elements Of Groups 1a And 2a-Ionic And Metallic Bonding (Page-91), The Covalent Bond-Second Period Hydrides (Page-103), Water Solutions (Page-113), The Kinetic Molecular Theory (Page-135), Liquids And Solids (Page-156), Groups 3a Elements-Hydrolysis And Acid-Base Theories (Page-169), Concertation Units-Reactions In Solution (Page-187), Kinetics And Equilibrium (Page-196), Ionization Equilibria In Water Solution (Page-214), The Noble Gases And The Atmosphere (Page-235), The Elements Of Groups Via And Viia (Page-245), Oxidation-Reduction Reactions (Page-265), Electrochemical Cells (Page-275), The Group 4a And 5a Elements (Page-291), Transition Elements-The Rest Of Periodic Table (Page-310), Organic Chemistry-Hydrocarbons (Page-325), Other Classes Of Organic Compounds (Page-338), Polymers (Page-353), Biochemistry (Page-360). 0aChemistry.